Гидрометаллургическая переработка медьсодержащих материалов

書誌詳細
第一著者: Богачева Л. М.
団体著者: Академия наук Узбекской ССР (АН УзССР) Институт химии
その他の著者: Исматов Х. Р.
言語:ロシア語
出版事項: Ташкент, Фан, 1989
主題:
フォーマット: 図書
KOHA link:https://koha.lib.tpu.ru/cgi-bin/koha/opac-detail.pl?biblionumber=161845

MARC

LEADER 00000nam0a2200000 4500
001 161845
005 20231031160049.0
010 |a 5648005660 
020 |a RU  |b 89-52883 
035 |a (RuTPU)RU\TPU\book\175513 
090 |a 161845 
100 |a 20090615d1989 m a0rusy5003 ca 
101 0 |a rus 
102 |a UZ 
105 |a a z 001zy 
200 1 |a Гидрометаллургическая переработка медьсодержащих материалов  |f Л. М. Богачева, Х. Р. Исматов  |g Академия наук Узбекской ССР (АН УзССР), Институт химии 
210 |a Ташкент  |c Фан  |d 1989 
215 |a 116 с.  |c ил.  |d 22 см 
314 |a Перед вып. дан. 2-й авт.: Хикматулла Рахматович Исматов 
320 |a Библиогр.: с. 110-115. (115 назв.) 
610 1 |a медь 
610 1 |a гидрометаллургия 
610 1 |a переработка 
610 1 |a физико-химические основы 
610 1 |a переработка 
675 |a 669.334  |z rus 
700 1 |a Богачева  |b Л. М.  |4 070 
701 1 |a Исматов  |b Х. Р.  |4 070 
712 0 2 |a Академия наук Узбекской ССР (АН УзССР)  |b Институт химии  |2 stltpush  |3 (RuTPU)RU\TPU\col\8034 
801 0 |a RU  |b RuMRKP  |c 19950417  |g psbo 
801 1 |a RU  |b 63413507  |c 20090615  |g PSBO 
801 2 |a RU  |b 63413507  |c 20091214  |g PSBO 
942 |c BK